Detalles MARC
| 000 -LEADER |
| longitud fija campo de control |
02311nam a22004457a 4500 |
| 003 - IDENTIFICADOR DE NUMERO DE CONTROL |
| control del campo |
AR-RoUNA |
| 005 - FECHA DE LA ULTIMA MODIFICACION |
| control del campo |
20250228172401.0 |
| 008 - CAMPO DE CONTROL - LIBROS |
| longitud fija campo de control |
250228b |||||||| |||| 00| 0 spa d |
| 040 ## - ORIGEN DE LA CATALOGACION |
| Agencia que cataloga la obra original |
AR-RoUNA |
| Idioma en que se cataloga |
spa |
| Entidad que modifico el registro |
AR-RoUNA |
| 041 ## - CODIGO DE IDIOMA |
| Codigo de idioma del texto / sonido o titulo separado |
spa |
| Codigo de idioma de la traduccion original y / o intermedios de texto |
spa |
| 044 ## - CODIGO DE PAIS / ENTIDAD PRODUCTORA |
| Codigo MARC del pais |
ag |
| 245 1# - TITULO PROPIAMENTE DICHO |
| Titulo |
Santa Fe 2008-2011 en obras : |
| Subtitulo |
la agenda social de la arquitectura / |
| Mencion de responsabilidad, etc |
Santa Fe (provincia). Ministerio de obras publicas y vivienda. Unidad de proyectos especiales. Universidad de Palermo. Facultad de arquitectura. Museo de arquitectura y diseño Julio Keselman |
| 250 ## - MENCION DE EDICION |
| Edicion declarada |
1a. ed. |
| 260 ## - EDITORIAL - PUBLICACION, DISTRIBUCION, ETC. (Pie de imprenta) |
| Lugar de publicacion, distribucion, etc |
Buenos Aires : |
| Nombre del editor, distribuidor, etc |
Gobierno de Santa Fe, |
| Fecha de publicacion |
2011 |
| 300 ## - DESCRIPCION FISICA |
| Extension |
96 p.: |
| Otros detalles fisicos |
il. col., |
| Dimensiones |
21x28 cm |
| 505 ## - NOTA DE CONTENIDO CON FORMATO |
| Título |
INDICE |
| 505 ## - NOTA DE CONTENIDO CON FORMATO |
| Título principal |
Palabras del Gobernador Hermes Binner |
| 505 ## - NOTA DE CONTENIDO CON FORMATO |
| Título |
Introduccion |
| 505 ## - NOTA DE CONTENIDO CON FORMATO |
| Título principal |
La Unidad de Proyectos Especiales |
| 505 ## - NOTA DE CONTENIDO CON FORMATO |
| Título principal |
Mapa de la Provincia de Santa Fe |
| 505 ## - NOTA DE CONTENIDO CON FORMATO |
| Título |
Eje tematico I: |
| 505 ## - NOTA DE CONTENIDO CON FORMATO |
| Título principal |
Obras relevantes |
| 505 ## - NOTA DE CONTENIDO CON FORMATO |
| Título |
Eje tematico II: |
| 505 ## - NOTA DE CONTENIDO CON FORMATO |
| Título principal |
Obras de Salud y el Plan Estrategico Provincial |
| 505 ## - NOTA DE CONTENIDO CON FORMATO |
| Título |
Eje tematico III: |
| 505 ## - NOTA DE CONTENIDO CON FORMATO |
| Título principal |
Los sistemas proyectuales tipologicos en obras de Educacion y Vivienda |
| 505 ## - NOTA DE CONTENIDO CON FORMATO |
| Título principal |
Autoridades Provinciales |
| 505 ## - NOTA DE CONTENIDO CON FORMATO |
| Título principal |
Equipos de trabajo |
| 505 ## - NOTA DE CONTENIDO CON FORMATO |
| Título principal |
Creditos |
| 505 ## - NOTA DE CONTENIDO CON FORMATO |
| Título principal |
Agradecimientos |
| 520 0# - NOTA DE RESUMEN |
| Nota de resumen, etc. |
"Santa Fe en obras 2008-2011, la agenda social de la arquitectura" se realiza en la Ciudad de Buenos Aires entre el 25 de agosto y el 25 de septiembre de 2011. La exposicion tiene como objetivo mostrar (desde el punto de vista arquitectónico), las principales obras públicas que se estan realizando en la Provincia de Santa Fe durante la actual gestión de gobierno. La muestra se desarrolla en tres ejes temáticos : obras relevantes, obras en materia de salud y el plan estratégico provincial, obras en educación y vivienda, desplegadas entre espacios diferentes. La exposición se compone principalmente de paneles (con fotos, planos, croquis, descripciones técnicas) y maquetas. |
| 650 4# - MATERIA - TERMINO TEMATICO |
| Término temático general |
Arquitectura |
| 650 4# - MATERIA - TERMINO TEMATICO |
| Término temático general |
Diseño arquitectonico |
| Subdivisión de formulario |
Edificios |
| -- |
Edificios educativos |
| -- |
Hospitales |
| 650 4# - MATERIA - TERMINO TEMATICO |
| Término temático general |
Panificacion urbana |
| Subdivisión de formulario |
Espacios urbanos |
| 908 ## - SOPORTE |
| Soporte |
Imp |
| 930 ## - ACCESION |
| Numero de accesion (NR) |
12155 |
| 942 ## - FUENTE DE CLASIFICACION |
| Clasificacion |
Dewey Decimal Classification |
| Tipo de item |
Libro |
| 945 ## - INFORMACION DE PROCESAMIENTO |
| Codigo del operador |
MIA |
| Fecha de ingreso o modificacion |
2025-02-28 |
| 980 ## - DECLARACIÓN DE EQUIVALENCIA O SERIE DE REFERENCIA CRUZADA - NOMBRE / TÍTULO PERSONAL [LOCAL, CANADÁ] |
| Código del operador |
1 |
| Nombre del operador |
Maricel Allasia |
| Código del operador que modifico el registro |
1 |
| Nombre del operador que modifico el registro |
Maricel Allasia |